Città gemellate con città italiane - Statistics

Statistiche generali
  • Questo quiz è stato fatto 15 volte
  • Il punteggio medio è 57 su 619
Statistiche sulle risposte
Città italiane Paese della città gemellata Citta gemellata % Corretto
Firenze Albania Tirana
79%
Taranto Albania Tirana
79%
Udine Albania Tirana
79%
Venezia Albania Tirana
79%
Roma Francia Parigi
71%
Cagliari Argentina Buenos Aires
64%
Ferrara Argentina Buenos Aires
64%
Firenze Grecia Atene
57%
Napoli Grecia Atene
57%
Reggio Calabria Grecia Atene
57%
Venezia Azerbaigian Baku
57%
Andria Albania Durazzo
50%
Bari Albania Durazzo
50%
Modena Austria Linz
50%
Ferrara Bosnia ed Erzegovina Sarajevo
50%
Prato Bosnia ed Erzegovina Sarajevo
50%
Venezia Bosnia ed Erzegovina Sarajevo
50%
Venezia Portogallo Lisbona
43%
Genova Francia Marsiglia
43%
Milano Australia Melbourne
43%
Venezia Francia Nizza
43%
Cuneo Francia Nizza
43%
Campobasso Canada Ottawa
43%
Catania Canada Ottawa
43%
Crotone Portogallo Porto
43%
Ferrara Cechia Praga
43%
Lecce Cechia Praga
43%
Monza Cechia Praga
43%
Teramo Cechia Praga
43%
Terni Cechia Praga
43%
Trento Cechia Praga
43%
Alessandria Argentina Rosario
43%
Imperia Argentina Rosario
43%
Verona Austria Salisburgo
43%
Milano Cina Shanghai
43%
Milano Canada Toronto
43%
Bologna Croazia Zagabria
43%
Firenze Ungheria Budapest
36%
Lecce Ungheria Budapest
36%
Napoli Ungheria Budapest
36%
Milano Stati Uniti Chicago
36%
Torino Argentina Córdoba
36%
Trieste Austria Graz
36%
Pescara Perù Lima
36%
Milano Francia Lione
36%
Palermo Stati Uniti Miami
36%
Verona Germania Monaco di Baviera
36%
Bari Grecia Patrasso
36%
Brindisi Grecia Patrasso
36%
Reggio Calabria Grecia Patrasso
36%
Salerno Francia Rouen
36%
Cosenza Grecia Salonicco
36%
Bologna Grecia Salonicco
36%
Firenze Australia Sydney
36%
Venezia Estonia Tallinn
36%
Bologna Spagna Valencia
36%
Udine Camerun Yaoundé
36%
Padova Stati Uniti Boston
29%
Bergamo Ucraina Buča
29%
Torino Germania Colonia
29%
Venezia Germania Colonia
29%
Milano Polonia Cracovia
29%
Torino Stati Uniti Detroit
29%
Trani Croazia Dubrovnik
29%
Venezia Armenia Erevan
29%
Genova Croazia Fiume
29%
Torino Palestina Gaza
29%
Taranto Pakistan Islamabad
29%
Venezia Turchia Istanbul
29%
Firenze Ucraina Kiev
29%
Firenze Giappone Kyoto
29%
Palermo Malta La Valletta
29%
Trieste Francia Le Havre
29%
Palermo Francia Montpellier
29%
Salerno Francia Montpellier
29%
Trani Montenegro Podgorica
29%
Torino Paesi Bassi Rotterdam
29%
Milano Brasile San Paolo
29%
Milano Russia San Pietroburgo
29%
Pescara Croazia Spalato
29%
Siracusa Svezia Stoccolma
29%
Milano Israele Tel Aviv
29%
Palermo Lituania Vilnius
29%
Pavia Lituania Vilnius
29%
Padova Croazia Zara
29%
Reggio Emilia Croazia Zara
29%
Catania Egitto Alessandria d'Egitto
21%
Ragusa Paraguay Asunción
21%
Siena Francia Avignone
21%
Fermo Argentina Bahía Blanca
21%
Fermo Albania Berat
21%
Milano Regno Unito Birmingham
21%
Taranto Francia Brest
21%
Genova Corea del Sud Busan
21%
Palermo Cina Chengdu
21%
Padova Portogallo Coimbra
21%
Palermo Polonia Danzica
21%
Trieste Camerun Douala
21%
Palermo Germania Düsseldorf
21%
Gorizia Austria Klagenfurt
21%
Latina Argentina La Plata
21%
Bologna Argentina La Plata
21%
Torino Belgio Liegi
21%
Ragusa Malta Mosta
21%
Genova Ucraina Odessa
21%
Venezia Ucraina Odessa
21%
Ravenna Croazia Ragusa
21%
Venezia Croazia Ragusa
21%
Firenze Lettonia Riga
21%
Bari Costa Rica San José
21%
Brescia Cina Shenzhen
21%
Lecce Macedonia del Nord Skopje
21%
Ferrara Stati Uniti Toledo
21%
Bologna Francia Tolosa
21%
Campobasso Albania Alessio
14%
Vicenza Francia Annecy
14%
Genova Stati Uniti Baltimora
14%
Salerno Stati Uniti Baltimora
14%
Bari Bosnia ed Erzegovina Banja Luka
14%
Campobasso Bosnia ed Erzegovina Banja Luka
14%
Gorizia Bosnia ed Erzegovina Banja Luka
14%
Trieste Libano Beirut
14%
Brescia Palestina Betlemme
14%
Firenze Palestina Betlemme
14%
Milano Palestina Betlemme
14%
Palermo Palestina Betlemme
14%
Pavia Palestina Betlemme
14%
Verbania Palestina Betlemme
14%
Forli Francia Bourges
14%
Napoli Messico Cancún
14%
Bari Cina Canton
14%
Terni Spagna Cartagena
14%
Bologna Ucraina Charkiv
14%
Reggio Emilia Moldavia Chișinău
14%
Siracusa Grecia Corinto
14%
Lodi Germania Costanza
14%
Trapani Romania Costanza
14%
Potenza Stati Uniti Denver
14%
Reggio Emilia Francia Digione
14%
Taranto Ucraina Donec'k
14%
Firenze Germania Dresda
14%
Firenze Regno Unito Edimburgo
14%
Firenze Marocco Fès
14%
Firenze Stati Uniti Filadelfia
14%
Milano Germania Francoforte sul Meno
14%
Padova Germania Friburgo
14%
Torino Regno Unito Glasgow
14%
Catania Francia Grenoble
14%
Milano Messico Guadalajara
14%
Livorno Spagna Guadalajara
14%
Bari Germania Hamm
14%
Crotone Germania Hamm
14%
Padova Romania Iași
14%
Monza Stati Uniti Indianapolis
14%
Palermo Stati Uniti Las Vegas
14%
Gorizia Austria Lienz
14%
Torino Francia Lilla
14%
Parma Slovenia Lubiana
14%
Pesaro Slovenia Lubiana
14%
Agrigento Argentina Mar del Plata
14%
Bari Argentina Mar del Plata
14%
Savona Ucraina Mariupol'
14%
Firenze Cina Nanchino
14%
La Spezia Cina Nanchino
14%
Crotone Germania Norimberga
14%
Treviso Francia Orléans
14%
Bari Spagna Palma di Maiorca
14%
Napoli Spagna Palma di Maiorca
14%
Pistoia Francia Pau
14%
Verona Croazia Pola
14%
Bologna Stati Uniti Portland
14%
Pesaro Palestina Rafah
14%
Firenze Francia Reims
14%
Pisa Grecia Rodi
14%
Torino Stati Uniti Salt Lake City
14%
Reggio Calabria Stati Uniti San Diego
14%
Pisa Spagna Santiago di Compostela
14%
Trieste Brasile Santos
14%
Perugia Stati Uniti Seattle
14%
Ancona Turchia Smirne
14%
Venezia Cina Suzhou
14%
Palermo Georgia Tbilisi
14%
Palermo Romania Timișoara
14%
Treviso Romania Timișoara
14%
Udine Romania Timișoara
14%
Sassari Romania Timișoara
14%
La Spezia Francia Tolone
14%
Parma Francia Tours
14%
Udine Austria Villaco
14%
Trapani Canada Winnipeg
14%
Perugia Francia Aix-en-Provence
7%
Alessandria Romania Alba Iulia
7%
Varese Romania Alba Iulia
7%
Verona Stati Uniti Albany
7%
Viterbo Stati Uniti Albany
7%
Modena Kazakistan Almaty
7%
Pisa Francia Angers
7%
Arezzo Polonia Auschwitz
7%
Pavia Francia Besançon
7%
Viterbo Stati Uniti Binghamton
7%
Lecce Bulgaria Blagoevgrad
7%
Catania San Marino Borgo Maggiore
7%
Parma Francia Bourg-en-Bresse
7%
Perugia Slovacchia Bratislava
7%
Treviso Francia Caen
7%
Ferrara Slovenia Capodistria
7%
Bari Regno Unito Cardiff
7%
Torino Francia Chambéry
7%
Bergamo Bolivia Cochabamba
7%
Lucca Francia Colmar
7%
Bari Grecia Corfù
7%
Brindisi Grecia Corfù
7%
Milano Senegal Dakar
7%
Grosseto Bulgaria Dimitrovgrad
7%
Catania Sahara Occidentale El Aaiún
7%
Como Germania Fulda
7%
Cremona Germania Füssen
7%
Alessandria Palestina Gerico
7%
Bergamo Palestina Gerico
7%
Pisa Palestina Gerico
7%
L'Aquila Australia Hobart
7%
Catania Russia Kaliningrad
7%
Ferrara Grecia Kallithea
7%
Palermo Palestina Khan Yunis
7%
Fermo Messico León
7%
Bologna Germania Lipsia
7%
Ragusa Stati Uniti Little Rock
7%
Mantova Stati Uniti Madison
7%
Messina Malta Malta
7%
Messina Grecia Messene
7%
Genova Spagna Murcia
7%
Lecce Spagna Murcia
7%
Torino Giappone Nagoya
7%
Padova Francia Nancy
7%
Grosseto Francia Narbona
7%
Firenze Israele Nazareth
7%
Verona Francia Nîmes
7%
Modena Serbia Novi Sad
7%
Massa Polonia Nowy Sącz
7%
Milano Giappone Osaka
7%
Catania Regno Unito Oxford
7%
Padova Regno Unito Oxford
7%
Palermo Colombia Palermo
7%
Catania Stati Uniti Phoenix
7%
Caserta Romania Pitești
7%
Ragusa Croazia Ragusa di Dalmazia
7%
Pesaro Croazia Rovigno
7%
Ferrara Francia Saint-Étienne
7%
Bologna Senegal Saint-Louis
7%
Cuneo Argentina Santa Fé
7%
Napoli Cuba Santiago di Cuba
7%
Palermo Cuba Santiago di Cuba
7%
Torino Cina Shenyang
7%
Rimini Russia Soči
7%
Trieste Regno Unito Southampton
7%
Ancona Croazia SpalatoA
7%
Bari Polonia Stettino
7%
Bologna Stati Uniti St Louis
7%
Milano Corea del Sud Taegu
7%
Crotone Spagna Tenerife
7%
Rovigo Romania Tulcea
7%
Firenze Finlandia Turku
7%
Bologna Bosnia ed Erzegovina Tuzla
7%
Firenze Spagna Valladolid
7%
Lecce Spagna Valladolid
7%
Udine Francia Vienne
7%
Lucca Regno Unito Abingdon-on-Thames
0%
Pisa Israele Acri
0%
Teramo Cipro Aglantzia
0%
Cremona Spagna Alaquàs
0%
Udine Spagna Albacete
0%
Prato Stati Uniti Albemarle
0%
Carbonia Croazia Albona
0%
Caserta Libano Aley
0%
Taranto Spagna Alicante
0%
Firenze Kuwait Al Kuwait
0%
Crotone Grecia Andravida-Kyllini
0%
Fermo Germania Ansbach
0%
Pescara Francia Arcachon
0%
Biella Perù Arequipa
0%
Alessandria Francia Argenteuil
0%
Vercelli Francia Arles dal
0%
Carbonia Croazia Arsia
0%
Forli Portogallo Aveiro
0%
Teramo Spagna Avila
0%
Pavia Costa d'Avorio Ayamé
0%
L'Aquila Libano Baalbek
0%
Massa Germania Bad Kissingen
0%
Tempio Pausania Portogallo Barcelos
0%
Bari Georgia Batumi
0%
Livorno Israele Bat Yam
0%
Savona Cuba Bayamo
0%
La Spezia Germania Bayreuth
0%
Arezzo Regno Unito Bedford
0%
Rovigo Regno Unito Bedford
0%
Carbonia Francia Behren-lès-Forbach
0%
Padova Mozambico Beira
0%
Bari Palestina Beit Jala
0%
Reggio Emilia Palestina Beit Jala
0%
Belluno Stati Uniti Bend
0%
Bergamo Cina Bengbu
0%
Modena Cina Benxi
0%
Teramo Montenegro Berane ex Ivangrad
0%
Genova Turchia Beyoğlu
0%
Asti Germania Biberach an der Riß
0%
Grosseto Malta Birchircara
0%
Latina Regno Unito Birkenhead
0%
Prato Sahara Occidentale Bir Lehlu
0%
Palermo Tunisia Biserta
0%
L'Aquila Romania Bistrița
0%
Brescia Costa d'Avorio Bouaké
0%
Verbania Francia Bourg-de-Péage
0%
Palermo RD del Congo Bukavu
0%
Arezzo Stati Uniti Burbank
0%
Reggio Emilia Polonia Bydgoszcz
0%
Napoli Romania Călărași
0%
Reggio Calabria Grecia Calcide
0%
Rieti Spagna Caleruega
0%
Matera Colombia Cartagena de Indias
0%
Barletta Montenegro Castelnuovo di Cattaro
0%
Ancona Irlanda Castlebar
0%
Reggio Emilia Bosnia ed Erzegovina Centar
0%
Novara Francia Chalon-sur-Saône
0%
Aosta Francia Chamonix-Mont-Blanc
0%
Prato Cina Changzhou
0%
Mantova Francia Charleville-Mézières
0%
Trento Germania Charlottenburg-Wilmersdorf
0%
Ravenna Francia Chartres
0%
Ravenna Regno Unito Chichester
0%
Genova Grecia Chio
0%
Parma Corea del Sud Chuncheon
0%
Verbania Croazia Cirquenizza
0%
Agrigento Bosnia ed Erzegovina Čitluk
0%
Oristano Spagna Ciutadella de Menorca
0%
Novara Germania Coblenza
0%
Genova Stati Uniti Columbus
0%
Pisa Stati Uniti Coral Gables
0%
Nuoro Francia Corte
0%
Enna Spagna Costa del Solnon chiaro
0%
Grosseto Germania Cottbus
0%
Bologna Regno Unito Coventry
0%
L'Aquila Spagna Cuenca
0%
Treviso Brasile Curitiba
0%
Crotone Polonia Częstochowa
0%
Brescia Germania Darmstadt
0%
Ragusa Francia Dipartimento dell'Oise
0%
Trento Spagna Donostia
0%
Isernia Tunisia Douz
0%
Terni Ungheria Dunaújváros
0%
Verbania Regno Unito East Grinstead
0%
Prato Austria Ebensee
0%
Reggio Calabria Grecia Egaleo
0%
Arezzo Ungheria Eger
0%
Forli Lituania Elektrėnai
0%
Frosinone Stati Uniti Elmwood Park
0%
Trapani Francia Épernay
0%
Piacenza Germania Erfurt
0%
Bolzano Germania Erlangen
0%
Torino Lussemburgo Esch-sur-Alzette
0%
Firenze Iran Esfahan
0%
Udine Germania Esslingen am Neckar
0%
Latina Brasile Farroupilha
0%
L'Aquila Portogallo Figueira da Foz
0%
Macerata Malta Floriana
0%
Lodi Germania Flossenbürg
0%
Potenza Romania Focșani
0%
Lodi Francia Fontainebleau
0%
Rimini Stati Uniti Fort Lauderdale
0%
Venezia Stati Uniti Fort Lauderdale
0%
Reggio Emilia Stati Uniti Fort Worth
0%
Imperia Germania Friedrichshafen
0%
Cuneo Germania Fürstenberg
0%
Napoli Tunisia Gafsa
0%
Oristano Stati Uniti Garden City
0%
Vibo Valentia Turchia Gaziantep
0%
Reggio Emilia Spagna Gerona
0%
Enna Malta Gharb
0%
Crotone Grecia Giannitsa
0%
Ferrara Germania Gießen
0%
Foggia Germania Göppingen
0%
Teramo Polonia Gorzów Wielkopolski
0%
Palermo Costa d'Avorio Grand-Bassam
0%
Perugia Stati Uniti Grand Rapids
0%
Bergamo Stati Uniti Greenville
0%
L'Aquila Cina Haining
0%
Livorno Vietnam Haiphong
0%
Padova Cina Handan
0%
Novara Bulgaria Haskovo
0%
Siracusa Francia Hauteville-la-Guichard
0%
Enna Malta Haz-Zebbug
0%
Pavia Germania Hersbruck
0%
Ferrara Stati Uniti Highland Park
0%
Pavia Germania Hildesheim
0%
Alessandria Cechia Hradec Králové
0%
Trento Messico Huatusco
0%
Lecco Spagna Igualada
0%
Pordenone Russia Irkutsk
0%
Macerata Francia Issy-les-Moulineaux
0%
Campobasso Brasile Itatiba
0%
Rieti Giappone Itō
0%
Vibo Valentia Argentina Ituzaingó
0%
La Spezia Giappone Izumisano
0%
Palermo Russia Jaroslavl'
0%
Como Lettonia Jelgava
0%
Napoli Giappone Kagoshima maggio
0%
Pesaro Giappone Kakegawa
0%
Macerata Albania Kamez
0%
Aosta Senegal Kaolack
0%
Alessandria Croazia Karlovac
0%
Grosseto Giappone Kashiwara
0%
Firenze Germania Kassel
0%
Enna Grecia Kastoria
0%
Ferrara Germania Kaufbeuren
0%
Brescia Lituania Kaunas
0%
Pesaro Niger Keita
0%
Trento Germania Kempten Baviera
0%
Cosenza Stati Uniti Kenosha
0%
Gorizia Polonia Kielce
0%
Biella Giappone Kiryu
0%
Messina India Kochi
0%
Pisa Danimarca Kolding
0%
Bari Russia Kostroma
0%
Napoli Serbia Kragujevac
0%
Reggio Emilia Serbia Kragujevac
0%
Ferrara Russia Krasnodar
0%
Cremona Russia Krasnoyarsk
0%
Pistoia Serbia Kruševac
0%
Ravenna Brasile Laguna
0%
Rieti Brasile Laguna
0%
Cosenza Stati Uniti Lansing
0%
Trapani Francia Les Sables-d'Olonne
0%
Ferrara Spagna Lleida
0%
Lodi Stati Uniti Lodi
0%
Brescia Spagna Logroño
0%
Modena Brasile Londrina
0%
Bergamo Germania Ludwigsburg
0%
Brindisi Albania Lushnjë
0%
Asti Israele Ma'alot-Tarshiha
0%
Lecco Francia Mâcon
0%
Udine Slovenia Maribor
0%
Brescia Brasile Maringá
0%
Caserta Brasile Maringá
0%
Ascoli Piceno Francia Massy
0%
Imperia Francia Megève
0%
Teramo Germania Memmingen
0%
Pescara Stati Uniti Miami Beach
0%
Chieti Giappone Minami-Shimabara
0%
Verbania Germania Mindelheim
0%
Palermo Stati Uniti Monterey
0%
Grosseto Francia Montreuil
0%
Bergamo Francia Mulhouse
0%
Lecco Russia Mytišči
0%
Agrigento Tunisia Nabeul
0%
Como Palestina Nablus
0%
Napoli Palestina Nablus
0%
Verona Giappone Nagahama
0%
Ancona Ungheria Nagykanizsa
0%
Prato Vietnam Nam Dinh
0%
Pesaro Francia Nanterre
0%
Asti Cina Nanyang
0%
Napoli Stati Uniti Naples
0%
Aosta Francia Narbonne
0%
Como Israele Natanya
0%
Udine Regno Unito Neath Port Talbot
0%
Treviso Argentina Neuquén
0%
Mantova Francia Nevers
0%
Imperia Stati Uniti Newport
0%
Pisa Stati Uniti Niles
0%
Rieti Germania Nordhorn
0%
Arezzo Stati Uniti Norman
0%
Udine Svezia Norrköping
0%
Napoli Madagascar Nosy Be
0%
Pesaro Bosnia ed Erzegovina Novi Grad
0%
Livorno Russia Novorossijsk
0%
Udine Ungheria Nyíregyháza
0%
Livorno Stati Uniti Oakland
0%
Carbonia Germania Oberhausen
0%
Iglesias Germania Oberhausen
0%
Pordenone Giappone Okawa
0%
Bergamo Polonia Olkusz
0%
Mantova Giappone Ōmihachiman
0%
Pistoia Romania Onești
0%
Mantova Romania Oradea
0%
Lecce Polonia Ostrów Wielkopolski
0%
Potenza Spagna Osuna
0%
Latina Polonia Oswiecim
0%
Catania Polonia Oświęcim
0%
Lecco Belgio Overijse
0%
Latina Spagna Palos de la Frontera
0%
Salerno Bulgaria Pazardžik
0%
Belluno Brasile Pedras Grandes
0%
Reggio Emilia Mozambico Pemba
0%
Agrigento Russia Perm'
0%
Forli Regno Unito Peterborough
0%
Matera Giordania Petra
0%
Vicenza Germania Pforzheim
0%
Verbania Romania Piatra Neamț
0%
Piacenza Spagna Plasencia
0%
Sassari Germania Plauen dal
0%
Forli Polonia Płock
0%
Reggio Emilia Sudafrica Polokwane
0%
Tempio Pausania Francia Porto Vecchio
0%
Perugia Germania Potsdam
0%
Firenze Messico Puebla
0%
Bergamo Stati Uniti Pueblo
0%
Mantova Russia Puškin
0%
Pesaro Cina Qinhuangdao
0%
Torino Guatemala Quetzaltenango
0%
Foggia Francia Quimper
0%
Ragusa Romania Rădăuți
0%
Sondrio Slovenia Radovljica
0%
Trento Argentina Resistencia
0%
Teramo Brasile Ribeirão Preto
0%
Ancona Slovenia Ribnica
0%
Cuneo Senegal Richard Toll
0%
Teramo Israele Rishon LeZion
0%
Genova Russia Rjazan'
0%
Caltanissetta Stati Uniti Rochester
0%
Varese Francia Romans-sur-Isère
0%
Trapani Francia Roquefort-les-Pins
0%
L'Aquila Germania Rottweil
0%
Prato Francia Roubaix
0%
Vibo Valentia Polonia Ruda Śląska
0%
Grosseto Francia Saintes-Maries-de-la-Mer
0%
Verona Belgio Saint-Josse-ten-Noode
0%
Rimini Francia Saint-Maur-des-Fossés
0%
Terni Francia Saint-Ouen
0%
Modena Stati Uniti Saint Paul
0%
Rieti Francia Saint-Pierre-lès-Elbeuf
0%
Arezzo Francia Saint-Priest
0%
Crotone Palestina Salfit
0%
Firenze Brasile Salvador de Bahia
0%
Palermo Russia Samara
0%
Crotone Grecia Samo
0%
Bologna Nicaragua San Carlos
0%
L'Aquila Argentina San Carlos de Bariloche
0%
Pordenone Argentina San Martín
0%
Viterbo Brasile Santa Rosa de Viterbo
0%
Verbania Spagna Sant Feliu de Guíxols
0%
Sondrio Brasile São Mateus
0%
Savona Rep. Dominicana Saona
0%
Treviso Stati Uniti Sarasota
0%
Tempio Pausania Francia Sartene
0%
Cosenza Canada Sault Sainte Marie
0%
Udine Paesi Bassi Schiedam
0%
Lucca Germania Schongau
0%
Verbania Austria Schwaz
0%
Reggio Emilia Germania Schwerin
0%
Parma Ungheria Seghedino
0%
Palermo Ghana Sekondi-Takoradi
0%
Rimini Belgio Seraing
0%
Udine Portogallo Setúbal
0%
Parma Cina Shijiazhuang
0%
Pistoia Giappone Shirakawa
0%
Bari Malta Siggiewi
0%
Napoli Romania Sighet
0%
Aosta Romania Sinaia
0%
Sondrio Germania Sindelfingen
0%
Lucca Belgio Sint-Niklaas
0%
Bari Polonia Słupsk
0%
Bolzano Ungheria Sopron
0%
Lucca Stati Uniti South San Francisco
0%
Taranto Grecia Sparta luglio
0%
Ravenna Germania Spira
0%
Pordenone Austria Spittal an der Drau
0%
Viterbo Stati Uniti Springfield
0%
Teramo Cipro Strovolos
0%
Siracusa Romania Suceava
0%
Ancona Norvegia Svolvær
0%
Ferrara Regno Unito Swansea
0%
Grosseto Kazakistan Şymkent
0%
Ravenna Ungheria Szekszárd
0%
Forli Ungheria Szolnok
0%
Ferrara Ungheria Szombathely
0%
Lecco Ungheria Szombathely
0%
Macerata Cina Taicang
0%
Agrigento Stati Uniti Tampa
0%
Udine Polonia Tarnów
0%
Frosinone Canada Tecumseh
0%
Como Giappone Tōkamachi
0%
Brescia Messico Toluca
0%
Varese Cina Tongling
0%
Salerno Giappone Tōno
0%
Ravenna Norvegia Tønsberg
0%
Vercelli Spagna Tortosa
0%
Biella Francia Tourcoing
0%
Ascoli Piceno Germania Treviri
0%
Brescia Francia Troyes
0%
Perugia Germania Tubinga
0%
Bergamo Russia Tver'
0%
Pisa Germania Unna
0%
Asti Francia Valence
0%
Agrigento Francia Valenciennes
0%
La Spezia Stati Uniti Vallejo
0%
Gorizia Paesi Bassi Venlo
0%
Massa Francia Vernon
0%
Rovigo Germania Viernheim
0%
Savona Germania Villingen-Schwenningen
0%
Arezzo Portogallo Viseu
0%
Mantova Brasile Vitória
0%
Campobasso Russia Vladimir
0%
Vibo Valentia Serbia Vrnjačka Banja
0%
Foggia Polonia Walbrzych
0%
Prato Germania Wangen im Allgäu
0%
Pesaro Regno Unito Watford
0%
Macerata Germania Weiden in der Oberpfalz
0%
Biella Cina Weihai
0%
Siena Germania Weimar
0%
Mantova Germania Weingarten
0%
Siena Germania Wetzlar
0%
Parma Germania Worms
0%
Trapani Germania Würselen
0%
Rimini Cina Yangzhou
0%
Crotone Cina Yingkou
0%
Gorizia Ungheria Zalaegerszeg
0%
Pavia Grecia Zante
0%
L'Aquila Polonia Zielona Góra
0%
Rimini Senegal Ziguinchor
0%
Pistoia Germania Zittau
0%
Nessun quiz corrispondente trovato
Distribuzione punteggi
Percentuale di utenti per punteggio
Percentile per numero di risposta
I tuoi punteggi nel tempo
Non hai fatto questo quiz